书目信息 |
| 题名: |
AP物理B基础教程
|
|
| 作者: | 陈兵 , 申庆徽 编著 | |
| 分册: | ||
| 出版信息: | 北京 中国人民大学出版社 2014 |
|
| 页数: | 331页 | |
| 开本: | 26cm | |
| 丛书名: | ||
| 单 册: | ||
| 中图分类: | G634.73 , O4 | |
| 科图分类: | ||
| 主题词: | 中学物理课--升学参考资料--高中--美国 , 物理学 | |
| 电子资源: | ||
| ISBN: | 978-7-300-18808-9 | |
| 000 | 01012nam0 2200277 450 | |
| 001 | 1759 | |
| 005 | 20161130162649.40 | |
| 010 | @a978-7-300-18808-9@dCNY45.00 | |
| 100 | @a20140926d2014 em y0chiy50 ea | |
| 101 | 0 | @achi |
| 102 | @aCN@b110000 | |
| 105 | @aa zq 000yy | |
| 200 | 1 | @aAP物理B基础教程@9AP wu li B ji chu jiao cheng@dAP physics B essentials@zeng@f陈兵,申庆徽编著 |
| 210 | @a北京@c中国人民大学出版社@d2014 | |
| 215 | @a331页@c图@d26cm | |
| 300 | @aAP基础教程系列教材 | |
| 330 | @a本书包括质点运动学、牛顿运动定律、动量、功和能、机械振动、流体力学、气体动理论与热力学、静电场、稳恒电流、电磁感应、几何光学、原子核物理等16章内容。 | |
| 510 | 1 | @aAP physics B essentials@zeng |
| 606 | 0 | @a中学物理课@j升学参考资料@x高中@y美国 |
| 606 | 0 | @a物理学 |
| 690 | @aG634.73@v5 | |
| 690 | @aO4@v4 | |
| 701 | 0 | @a陈兵@9chen bing@f(1980.11~)@4编著 |
| 701 | 0 | @a申庆徽@9shen qing hui@c(女,@f1980~)@4编著 |
| 801 | 0 | @aCN@b大连网信软件有限公司图书馆·11@c20161130 |
| 905 | @aZUCC@dG634.73@e1204 | |
| AP物理B基础教程=AP physics B essentials/陈兵,申庆徽编著.-北京:中国人民大学出版社,2014 |
| 331页:图;26cm |
| AP基础教程系列教材 |
| ISBN 978-7-300-18808-9:CNY45.00 |
| 本书包括质点运动学、牛顿运动定律、动量、功和能、机械振动、流体力学、气体动理论与热力学、静电场、稳恒电流、电磁感应、几何光学、原子核物理等16章内容。 |
| ● |
| 相关链接 |
|
|
|
|
正题名:AP物理B基础教程
索取号:G634.73/1204
 
预约/预借
| 序号 | 登录号 | 条形码 | 馆藏地/架位号 | 状态 | 备注 |
| 1 | 909906 | 209099063 | 第一样本阅览室/ [索取号:G634.73/1204] | 在馆 | |
| 2 | 909907 | 209099072 | 密集书库-物理学院/ [索取号:G634.73/1204] | 在馆 | |
| 3 | 909908 | 209099081 | 第四借阅区/ [索取号:G634.73/1204] | 在馆 | |
| 4 | 909909 | 209099090 | 第四借阅区/ [索取号:G634.73/1204] | 在馆 | |
| 5 | 909910 | 209099107 | 第四借阅区/ [索取号:G634.73/1204] | 在馆 |